00386nmm a2200121Ia 4500008004100000041000800041100003300049245002500082264006800107300001800175650001900193856005200212251105s9999||||xx |||||||||||||||||und|| aspa aPatricia Fernández Montero 0aAntología del amor a[Madrid, España] :bEditorial Club Universitario: ECU, c2017 a145 páginas aSpanish poetry uhttps://public.digitaliapublishing.com/a/171575